000 00590cam a2200205 4500
001 1718
003 OCoLC
005 20181127163851.0
008 001020s2001 nyu b 000 0 eng
010 _a00052514
020 _a0805063897
043 _an-us---
100 1 _aEhrenreich, Barbara.
245 1 0 _aNickel and dimed :
_bon (not) getting by in America /
_cBarbara Ehrenreich.
260 _aNew York :
_bHenry Holt & Co.,
_c2001.
300 _a230 p. ;
_c18 cm.
650 0 _aMinimum wage
_zUnited States.
650 0 _aPoverty
_zUnited States.
650 0 _aUnskilled labor
_zUnited States.
999 _c1296
_d1296